Statistics for Official Names of Countries in North America Quiz With A Map

Click here to take the quiz!

General Stats

  • This quiz has been taken 14 times
  • The average score is 11 of 23

Answers on the Map

Answers color-coded by a green-red scale on the quiz's map according to % correct below.
 

Answer Stats

Country% Correct
United States of America
100%
Republic of Nicaragua
60%
The Republic of Costa Rica
60%
The Republic of El Salvador
60%
The Republic of Guatemala
60%
The Republic of Haiti
60%
The Republic of Panama
60%
United Mexican States
60%
Dominican Republic
50%
Republic of Cuba
50%
The Republic of Honduras
50%
Antigua and Barbuda
40%
Barbados
40%
Belize
40%
Grenada
40%
Jamaica
40%
Saint Lucia
40%
Saint Vincent and the Grenadines
40%
The Republic of Trinidad and Tobago
40%
Dominion of Canada
30%
Commonwealth of Dominica
20%
Federation of Saint Kitts and Nevis
20%
The Commonwealth of The Bahamas
20%

Score Distribution

Percentile by Number Answered

Percent of People with Each Score

Your Score History

You have not taken this quiz